• 首页
  • 本馆介绍
  • 公告通知
  • 最新文献
  • 馆藏检索
  • 电子资源
  • 读者导购
  • 参考咨询
  • 我的图书馆
  • 登录
  • 详细信息显示
  • 放入我的书架
  • 预约/预借图书
  • 作者相关作品
  • 分类相关作品
  • 丛书相关作品
  • 出版社相关作品

书目信息

  • 表格格式
  • 工作单格式
  • 卡片格式
题名:
三十二篆体金刚经
    
 
作者: 鸠摩罗什 译
分册:  
出版信息: 天津   天津古籍书店  1985
页数: 1册
开本: 26cm
丛书名:
单 册:
中图分类: J292.31
科图分类:
主题词: 篆书-法书--中国--古代 , 法书-篆书--中国--古代
电子资源:
ISBN:
000 00711nam0 2200253 45
001 0185009169
005 20060424085633.07
010    @dCNY3.20
100    @a19900918d1985 em y0chiy0121 ea
101 0  @achi
102    @aCN@b120000
105    @ay z 000yy
200 10 @a三十二篆体金刚经@Asan shi er zhuan ti jin gang jing@f鸠摩罗什译@Fjiu mo luo shen yi
205    @b影印本
210    @a天津@c天津古籍书店@d1985
215    @a1册@d26cm
300    @a据明崇祯年雕版影印
606    @a篆书-法书@y中国@z古代
606    @a法书-篆书@y中国@z古代
690    @aJ292.31@v4
701  0 @a鸠摩罗什@Ajiu mo luo shen@4译
801  0 @aCN@b深圳图书馆@c20060424
801  2 @aCN@bNLC@c20060324
905    @dJ292.31@e255
    
    三十二篆体金刚经/鸠摩罗什译.-影印本.-天津:天津古籍书店,1985
    1册;26cm
    据明崇祯年雕版影印
    
    ISBN :CNY3.20
    
●
相关链接 在E读中查询图书 在五车中查询图书 在当当中查询图书 在豆瓣中查询图书


正题名:三十二篆体金刚经     索取号:J292.31/255         预约/预借

序号 登录号 条形码 馆藏地/架位号 状态 备注
1 0240669   001209775   第一借阅区/ [索取号:J292.31/255] 在馆    
2 0240670   202111687   第一样本阅览室/ [索取号:J292.31/255] 在馆    
3 0255317   202280003   密集书库/ [索取号:J292.31/255] 在馆    
4 0255318   202279970   密集书库/ [索取号:J292.31/255] 在馆    
5 0255319   202239112   密集书库/ [索取号:J292.31/255] 在馆    
6 0255320   001209837   第一借阅区/ [索取号:J292.31/255] 在馆    
7 0255321   001209819   第一借阅区/ [索取号:J292.31/255] 在馆    
唐山师范学院图书馆 欢迎您!
大连网信软件有限公司© 版权所有